| 000 | 00592nam a2200193 u 4500 | ||
|---|---|---|---|
| 005 | 20230527063554.0 | ||
| 008 | 100901s2008 r 000 0 eng d | ||
| 020 | _a9789875911413 | ||
| 035 | _aUPN01000177631 | ||
| 049 | _aCG | ||
| 050 | 4 |
_aBF724 _bA3.8 |
|
| 245 | 0 | 0 |
_aAdolescentes incluídos, adolescentes excluídos / _ccomp. Margarita Barrón. |
| 260 |
_aCórdoba, Arg. : _bBrujas, _c2008. |
||
| 300 |
_a266 p. : _bgráfs. |
||
| 440 | 0 |
_aAdolescencia, educación y salud ; _v3 |
|
| 650 | 4 |
_aPsicología del adolescente _91013 |
|
| 700 | 1 |
_aBarrón, Margarita, _ecomp. |
|
| 905 | _aLibro | ||
| 999 |
_c149734 _d149734 |
||